Создание научно - технических основ очистки газовых выбросов и промышленных стоков с использованием металлокомплексного катализа: Заключительный отчет о НИР; Тема : г/б ТОМ-30

Detalles Bibliográficos
Autor Corporativo: Томский политехнический институт (ТПИ) (595)
Outros autores: Ивасенко В. Л. (руководитель), Бочкарев В. В. (исполнитель)
Summary:Передано в Государственный архив Томской области
Idioma:ruso
Publicado: Томск, 1990
Formato: MixedMaterials Libro
KOHA link:https://koha.lib.tpu.ru/cgi-bin/koha/opac-detail.pl?biblionumber=153662

MARC

LEADER 00000nbm0a2200000 4500
001 153662
005 20231031151459.0
029 0 0 |a SU  |b 01890069119  |f ТПУ 
035 |a (RuTPU)RU\TPU\book\166702 
090 |a 153662 
100 |a 20090214d1990 k y0rusy50 ca 
101 0 |a rus 
102 |a RU 
105 |a a p 001zy 
200 1 |a Создание научно - технических основ очистки газовых выбросов и промышленных стоков с использованием металлокомплексного катализа  |e Заключительный отчет о НИР  |e Тема : г/б ТОМ-30  |f Томский политехнический институт (ТПИ) ; руководитель В. Л. Ивасенко ; В. В. Бочкарев 
210 |a Томск  |d 1990 
215 |a 54 л. 
320 |a Библиогр.: с. 53 - 54. 
333 |a Передано в Государственный архив Томской области 
702 1 |a Ивасенко  |b В. Л.  |4 673 
702 1 |a Бочкарев  |b В. В.  |4 677 
712 0 2 |a Томский политехнический институт (ТПИ)  |c (1944-1991)  |2 stltpush  |3 (RuTPU)RU\TPU\col\1123  |4 595 
801 1 |a RU  |b 63413507  |c 20090214  |g PSBO 
801 2 |a RU  |b 63413507  |c 20100317  |g RCR 
942 |c BK